Human computer interaction : developing effective organizational information systems

Αποθηκεύτηκε σε:
Λεπτομέρειες βιβλιογραφικής εγγραφής
Κύριος συγγραφέας: Te'eni, Dov
Άλλοι συγγραφείς: Carey, Jane M., Zhang, Ping
Μορφή: Βιβλίο
Γλώσσα:English
Δημοσίευση: Hoboken, NJ : Wiley, c2007
Θέματα:
Ετικέτες: Προσθήκη ετικέτας
Δεν υπάρχουν, Καταχωρήστε ετικέτα πρώτοι!

MARC

LEADER 00000nam a2200000 i 4500
001 1/80987
008 080408s2007 eng d
020 |a 978-0-471-67765-9 
020 |a 0-471-67765-5 
035 |l 10096358 
040 |a GR-MY-UA  |b gre  |e aacr 
041 0 |a eng 
082 0 |a 004.019  |2 (22) 
100 1 |a Te'eni, Dov. 
245 1 0 |a Human computer interaction :  |b developing effective organizational information systems /  |c Dov Te'eni, Jane Carey, Ping Zhang ; foreword by Izak Benbasat 
260 |a Hoboken, NJ :   |b Wiley,   |c c2007 
300 |a xxiv, 436 σ.;  |b εικ. (μερ. έγχρ.);  |c 26 εκ. 
504 |a Βιβλιογραφία: σ. 421-431. Ευρετήριο 
650 0 0 |a Human-computer interaction. 
650 0 0 |a Management information systems. 
700 1 |a Carey, Jane M. 
700 1 |a Zhang, Ping. 
852 |a INST  |b SYROS  |e 20080408  |h 004.019 TEE  |p 005500006173  |q 005500006173  |t BK  |y 0 
901 |a BIBL5-2008-1 
909 |a Ε  |b 151263 
922 |a 5ΕΛΗ  |b 200803  |c ΕΠΕΑΕΚ2/ΤΜΣΠΣ  |d ΠΑΠΑΣΩΤΗΡΙΟΥ 
970 |a ΚΟΝΤΟΥ  |b ΠΑΡΑΣΚΕΥΗ  |z 2008/04/08